00309pab a2200121 454500008004000000100002100040245003900061260000900100300000900109362001000118650003900128773002000167180718b1995 xxu||||| |||| 00| 0 eng d aAnanthachari, T. aForeignersbproblems of detection. c1995 ap.11 a2 May aIndia - Emigration and immigration aHindustan Times